| 000 | 00570nam a22001937a 4500 | ||
|---|---|---|---|
| 999 |
_c16594 _d16594 |
||
| 003 | OSt | ||
| 005 | 20171102110909.0 | ||
| 008 | 171102b xxu||||| |||| 00| 0 eng d | ||
| 020 | _a9789966344854 | ||
| 040 |
_aKABU _cKABU |
||
| 050 |
_aPL8704 _b.W35D36 2007 |
||
| 245 |
_aDamu nyeusi na hadithi nyingine / _cKen Walibora na Said A. Mohamed (Wahariri) |
||
| 250 | _atoleo la shule | ||
| 260 |
_aNairobi _bMoran _c2007 |
||
| 300 | _aviii, 124 p. | ||
| 700 | _aMohamed, Said A. | ||
| 700 | _aWalibora, Ken | ||
| 942 |
_2lcc _cBK _hPL8704 _i.W35D36 2007 |
||